<?xml version="1.0" encoding="UTF-8"?>
<record
    xmlns:xsi="http://www.w3.org/2001/XMLSchema-instance"
    xsi:schemaLocation="http://www.loc.gov/MARC21/slim http://www.loc.gov/standards/marcxml/schema/MARC21slim.xsd"
    xmlns="http://www.loc.gov/MARC21/slim">

  <leader>01254nam a2200277 a 4500</leader>
  <controlfield tag="003">AR-RoUNCS</controlfield>
  <controlfield tag="005">20251126162427.0</controlfield>
  <controlfield tag="008">230508s2021    ag a   dr     001 0 spa</controlfield>
  <datafield tag="020" ind1=" " ind2=" ">
    <subfield code="a">978-987-8461-34-2</subfield>
  </datafield>
  <datafield tag="040" ind1=" " ind2=" ">
    <subfield code="a">AR-BaBN</subfield>
    <subfield code="b">spa</subfield>
    <subfield code="c">AR-RoUNCS</subfield>
    <subfield code="e">aacr</subfield>
  </datafield>
  <datafield tag="080" ind1="1" ind2=" ">
    <subfield code="a">316.77(075.3)</subfield>
    <subfield code="2">2016</subfield>
  </datafield>
  <datafield tag="100" ind1="1" ind2=" ">
    <subfield code="a">Caiss&#xF3;n, Silvana Iovanna</subfield>
    <subfield code="e">autora</subfield>
    <subfield code="4">aut</subfield>
  </datafield>
  <datafield tag="245" ind1="1" ind2="0">
    <subfield code="a">Taller de producci&#xF3;n en lenguajes /</subfield>
    <subfield code="c">Silvana Iovanna Caiss&#xF3;n, Gabriela Pedranti.</subfield>
  </datafield>
  <datafield tag="250" ind1=" " ind2=" ">
    <subfield code="a">1a ed.</subfield>
  </datafield>
  <datafield tag="260" ind1=" " ind2=" ">
    <subfield code="a">Ituzaing&#xF3; :</subfield>
    <subfield code="b">Maipue,</subfield>
    <subfield code="c">2021.</subfield>
  </datafield>
  <datafield tag="300" ind1=" " ind2=" ">
    <subfield code="a">111 p. :</subfield>
    <subfield code="b">il. ;</subfield>
    <subfield code="c">27 cm.</subfield>
  </datafield>
  <datafield tag="504" ind1=" " ind2=" ">
    <subfield code="a">Bibliograf&#xED;a: p. 108-111.</subfield>
  </datafield>
  <datafield tag="505" ind1="0" ind2=" ">
    <subfield code="a">Cap&#xED;tulo 1: Comunicaci&#xF3;n y lenguaje -- Cap&#xED;tulo 2: El lenguaje gr&#xE1;fico -- Cap&#xED;tulo 3: El lenguaje radial -- Cap&#xED;tulo 4: El lenguaje audiovisual -- Cap&#xED;tulo 5: Los lenguajes multimediales ampliados al lenguaje escolar.</subfield>
  </datafield>
  <datafield tag="521" ind1="3" ind2=" ">
    <subfield code="a">Destinado a estudiantes de nivel secundario.</subfield>
  </datafield>
  <datafield tag="650" ind1=" " ind2="7">
    <subfield code="a">Medios de comunicaci&#xF3;n social</subfield>
    <subfield code="x">Lenguaje</subfield>
    <subfield code="v">Libros de texto (Secundaria)</subfield>
    <subfield code="2">embne</subfield>
  </datafield>
  <datafield tag="650" ind1=" " ind2="7">
    <subfield code="a">Periodismo</subfield>
    <subfield code="x">Lenguaje</subfield>
    <subfield code="v">Libros de texto (Secundaria)</subfield>
    <subfield code="2">embne</subfield>
  </datafield>
  <datafield tag="650" ind1=" " ind2="7">
    <subfield code="a">Medios de comunicaci&#xF3;n social y lenguaje</subfield>
    <subfield code="v">Libros de texto (Secundaria)</subfield>
    <subfield code="2">embne</subfield>
  </datafield>
  <datafield tag="655" ind1=" " ind2="7">
    <subfield code="a">Libros de texto</subfield>
    <subfield code="2">embne</subfield>
  </datafield>
  <datafield tag="700" ind1="1" ind2=" ">
    <subfield code="a">Pedranti, Gabriela</subfield>
    <subfield code="e">autora</subfield>
    <subfield code="4">aut</subfield>
  </datafield>
  <datafield tag="942" ind1=" " ind2=" ">
    <subfield code="2">udc</subfield>
    <subfield code="c">LPD</subfield>
    <subfield code="n">0</subfield>
  </datafield>
  <datafield tag="999" ind1=" " ind2=" ">
    <subfield code="c">786</subfield>
    <subfield code="d">786</subfield>
  </datafield>
  <datafield tag="952" ind1=" " ind2=" ">
    <subfield code="0">0</subfield>
    <subfield code="1">0</subfield>
    <subfield code="2">udc</subfield>
    <subfield code="4">0</subfield>
    <subfield code="7">0</subfield>
    <subfield code="8">CG</subfield>
    <subfield code="a">ESOCIALES</subfield>
    <subfield code="b">ESOCIALES</subfield>
    <subfield code="d">2025-11-26</subfield>
    <subfield code="e">Compra 2025</subfield>
    <subfield code="l">0</subfield>
    <subfield code="o">316.77(073.5) C137</subfield>
    <subfield code="p">001495</subfield>
    <subfield code="r">2025-11-26 16:25:20</subfield>
    <subfield code="w">2025-11-26</subfield>
    <subfield code="y">LPD</subfield>
  </datafield>
</record>
